Lesný robotník orgán záv. rád ROH Čs. štátnych lesov, n.p., kraj Košice

Podrobná bibliografia
Nový názov:Lesy Košického kraja
Médium: Časopis
Jazyk:slovenčina
maďarčina
Fyzický popis:2 zv. 30 cm
Vydavateľské údaje: Košice Československé štátne lesy 1951-1952
Košice ZR ROH závodov Východoslovenského lesného priemyslu a správ lesného hospodárstva, kraj Košice
Predmet:

MARC

LEADER 00000cas a2200000 a 4500
001 vtls010301519
003 SK-MaSNL
005 20260228161553.0
008 110810d19511952xo sr|p 0 b0slo
040 |a SNK  |b slo  |c SNK  |e AACR2 
041 0 |a slo  |a hun 
044 |a xo  |c SK 
072 7 |a 630  |x Lesníctvo  |2 konspekt 
080 |a 630  |2 2001 
080 |a 050  |2 2001 
245 0 0 |a Lesný robotník  |b orgán záv. rád ROH Čs. štátnych lesov, n.p., kraj Košice 
260 |a Košice  |b Československé štátne lesy  |c 1951-1952 
260 3 |3 2/1952-6/1952  |a Košice  |b ZR ROH závodov Východoslovenského lesného priemyslu a správ lesného hospodárstva, kraj Košice 
300 |a 2 zv.  |c 30 cm 
310 |a 2x mesačne 
362 0 |a Roč. I, č. 1 (1951)-roč. II, č. 6 (1952) 
500 |a Vyd. ZR ROH Čs. štátnych lesov, kraj Košice, od č. 2/1952 ZR ROH závodov Východoslov. lesného priemyslu a správ lesného hospodárstva, kraj Košice 
500 |a Tlač. Východoslovenské tlačiarne, zákl. záv. v Košiciach 
500 |a Od č. 7/1952 pokračoval pod názvom Lesy Košického kraja 
500 |a Povolenie PIO č. 20547/51-II/3 
500 |a Podnázov v tir. od č. 2/1952: orgán ZR ROH závodov Východoslovenského lesného priemyslu n.p. a správ lesného hospodárstva, kraj Košice 
546 |a Čiast. text maď. 
650 0 7 |a lesníctvo  |2 SNKPH  |9 1255 
655 7 |a podnikové časopisy  |2 SNKPH  |9 265225 
785 0 0 |t Lesy Košického kraja  |w vtls010301522 
910 |a snk 
916 |a 1951-1952 
999 |c 5741  |d 7671 
952 |0 0  |1 0  |4 0  |7 0  |a SNK  |b SNK  |d 2022-05-06  |l 0  |o snkČSB 631/1/1951 D1  |p 17A1348178  |r 2026-02-21 20:11:19  |t č. 1-12  |w 2026-02-21  |y PREZ 
952 |0 0  |1 0  |4 0  |7 0  |a SNK  |b SNK  |d 2015-03-10  |f 1  |i snk911/52  |l 0  |o snkČSB 631/1/1951  |p 17A0713629  |r 2026-02-21 21:15:11  |t č. 1-12  |w 2026-02-21  |y PREZ 
952 |0 0  |1 0  |4 0  |7 0  |a SNK  |b SNK  |d 2015-03-10  |f 1  |i snk920/53  |l 0  |o snkČSB 631/2/1952  |p 17A1143481  |r 2026-02-21 21:15:11  |t č. 1-6  |w 2026-02-21  |y PREZ